STRATEGIC EMPLOYEE SURVEYS EVIDENCE BASE (Record no. 17653)
[ view plain ]
| 000 -LEADER | |
|---|---|
| fixed length control field | 00377nam a2200145Ia 4500 |
| 008 - FIXED-LENGTH DATA ELEMENTS--GENERAL INFORMATION | |
| fixed length control field | 240624s9999 xx 000 0 und d |
| 041 ## - LANGUAGE CODE | |
| Language code of text/sound track or separate title | eng |
| 082 ## - DEWEY DECIMAL CLASSIFICATION NUMBER | |
| Classification number | 658.3140723 WIL |
| 100 ## - MAIN ENTRY--PERSONAL NAME | |
| Personal name | WILEY JACK W |
| 245 ## - TITLE STATEMENT | |
| Title | STRATEGIC EMPLOYEE SURVEYS EVIDENCE BASE |
| 250 ## - EDITION STATEMENT | |
| Edition statement | 11 |
| 260 ## - PUBLICATION, DISTRIBUTION, ETC. | |
| Date of publication, distribution, etc. | 2010 |
| Place of publication, distribution, etc. | San Francisco |
| Name of publisher, distributor, etc. | Jossey-Bass |
| 300 ## - PHYSICAL DESCRIPTION | |
| Extent | xv, : 154 : p. : cm. ; 23 |
| 365 ## - TRADE PRICE | |
| Currency code | |
| Price amount | 27 |
| Withdrawn status | Lost status | Damaged status | Not for loan | Home library | Current library | Shelving location | Date acquired | Source of acquisition | Cost, normal purchase price | Full call number | Barcode | Date last seen | Copy number | Price effective from | Koha item type |
|---|---|---|---|---|---|---|---|---|---|---|---|---|---|---|---|
| IMTN | IMTN | Rack 27-A | 09/12/2011 | BWE | 39.95 | 658.3140723 WIL | 17653 | 06/24/2024 | 46.8 | 06/24/2024 | Books |